000 00704nam a2200217 a 4500
001 BRCA_4537
005 20190320204716.0
008 220910s1936----nyu#######---#000-0#eng-#
041 _aeng
044 _anyu
050 4 _aNK5112
_b.H68 1936
100 1 _aHouse, Caurtman G.
_911496
245 1 0 _aComparative values of Patterned Glass
_bA check list with prices covering more than six thousand forms in the two hundred most popular patterns of american pressed glass
_cby Caurtman G. House.
260 _aNueva York
_bMedina
_c1936
300 _a191 p.
_c22 cm.
500 _aD10
650 1 4 _aCristalería
_zEstados Unidos
_92701
650 1 4 _aArte
_xPrecios
_910347
902 _aGFM
942 _2lcc
_cB
999 _c4243
_d4243